EU FNCS Winners (Chapter 4 - Present) - Statistics

General Stats
  • This quiz has been taken 48 times
  • The average score is 18 of 19
Answer Stats
Answer % Correct
Malibuca
100%
Merstach
100%
Queasy
100%
Swizzy
100%
Vanyak3k
100%
Veno
100%
Flickzy
97%
MariusCOW
97%
Peterbot
97%
Pollo
97%
Pixie
95%
Vico
95%
Mero
92%
Pablowingu
92%
Tjino
92%
Cooper
90%
Fredoxie
90%
Tayson
82%
Putrick
69%
No matching quizzes found
Score Distribution
Percent of People with Each Score
Percentile by Number Answered
Your Score History
You have not taken this quiz